Empirical Study of Financial Disclosure Compliance with IFRS: Evidence from listed Romanian Companies (Record no. 299977)
[ view plain ]
| 000 -LEADER | |
|---|---|
| fixed length control field | 00555nam a2200133Ia 4500 |
| 008 - FIXED-LENGTH DATA ELEMENTS--GENERAL INFORMATION | |
| fixed length control field | 160809s9999 xx 000 0 und d |
| 100 ## - MAIN ENTRY--PERSONAL NAME | |
| Personal name | Ponce, Herenia Gutierrez. |
| 245 ## - TITLE STATEMENT | |
| Title | Empirical Study of Financial Disclosure Compliance with IFRS: Evidence from listed Romanian Companies |
| 245 ## - TITLE STATEMENT | |
| Statement of responsibility, etc | Herenia Gutierrez Ponce, Elena Hlaciuc, Dorel Mateș and Geanina Măciucă. |
| 260 ## - PUBLICATION, DISTRIBUTION, ETC. (IMPRINT) | |
| Name of publisher, distributor, etc | Journal of Accounting and Auditing: Research & Practice |
| 260 ## - PUBLICATION, DISTRIBUTION, ETC. (IMPRINT) | |
| Date of publication, distribution, etc | 2016 |
| 650 ## - SUBJECT ADDED ENTRY--TOPICAL TERM | |
| General subdivision | ACCOUNTING |
| 856 ## - ELECTRONIC LOCATION AND ACCESS | |
| Uniform Resource Identifier | <a href="http://www.ibimapublishing.com/journals/JAARP/table.html">http://www.ibimapublishing.com/journals/JAARP/table.html</a> |
| Withdrawn status | Lost status | Damaged status | Home library | Current library | Date acquired | Total Checkouts | Date last seen | Price effective from | Koha item type |
|---|---|---|---|---|---|---|---|---|---|
| College Library | College Library | 08/09/2016 | 08/09/2016 | 08/09/2016 | Foreign e-journal articles |